Проблема нетоллерантности при инклюзивном обучении в вузе на примере Томского политехнического университета; Актуальные проблемы гуманитарных наук

Bibliografske podrobnosti
Parent link:Актуальные проблемы гуманитарных наук.— 2010.— С. 282-284
Glavni avtor: Пономарёва Е. О.
Jezik:ruščina
Izdano: 2010
Teme:
Format: MixedMaterials Book Chapter
KOHA link:https://koha.lib.tpu.ru/cgi-bin/koha/opac-detail.pl?biblionumber=193582

MARC

LEADER 00000naa2a2200000 4500
001 193582
005 20231031182008.0
035 |a (RuTPU)RU\TPU\book\211126 
090 |a 193582 
100 |a 20110324d2010 k y0rusy50 ca 
101 0 |a rus 
102 |a RU 
200 1 |a Проблема нетоллерантности при инклюзивном обучении в вузе на примере Томского политехнического университета  |f Е. О. Пономарёва 
320 |a Библиогр.: 5 назв. 
463 0 |0 (RuTPU)RU\TPU\book\205127  |y 978-5-98298-643-6  |t Актуальные проблемы гуманитарных наук  |o сборник трудов IX Международной научно-практической конференции студентов, аспирантов и молодых ученых, 22-23 апреля 2010 г., Томск  |f Национальный исследовательский Томский политехнический университет (ТПУ)  |v С. 282-284  |d 2010  |p 564 с. 
610 1 |a обучение 
610 1 |a университеты 
610 1 |a вузы 
610 1 |a толерантность 
610 1 |a инклюзивное обучение 
610 1 |a инвалиды 
610 1 |a труды учёных ТПУ 
700 1 |a Пономарёва  |b Е. О. 
801 1 |a RU  |b 63413507  |c 20110324 
801 2 |a RU  |b 63413507  |c 20110324  |g RCR 
942 |c BK